000 00573cam a2200145 4500500
005 20260426010551.0
041 _afre
042 _adc
100 1 0 _aReymond, Bernard
_eauthor
245 0 0 _aTheologische Realenzyklopädie, vol. 36, Berlin, de Gruyter, 2004. 25 cm. 872 p. ISBN 3-11-017842-7. € 268
260 _c2005.
500 _a17
786 0 _nÉtudes théologiques et religieuses | 80 | 3 | 2005-09-01 | p. 431r-449r | 0014-2239
856 4 1 _uhttps://shs.cairn.info/revue-etudes-theologiques-et-religieuses-2005-3-page-431r?lang=fr&redirect-ssocas=7080
999 _c2222531
_d2222531